| 000 | 01246nam a2200337 a 4500 | ||
|---|---|---|---|
| 001 | ebr10630556 | ||
| 003 | CaPaEBR | ||
| 006 | m u | ||
| 007 | cr cn||||||||| | ||
| 008 | 120814s2013 njuad s 001 0 eng d | ||
| 010 | _z 2012030191 | ||
| 020 | _z9781118147597 (cloth) | ||
| 020 | _z9781118225820 (e-book) | ||
| 040 |
_aCaPaEBR _cCaPaEBR |
||
| 035 | _a(OCoLC)806291900 | ||
| 050 | 1 | 4 |
_aHD38.7 _b.O35 2013eb |
| 082 | 0 | 4 |
_a658.4/72 _223 |
| 100 | 1 |
_aOhlhorst, Frank, _d1964- |
|
| 245 | 1 | 0 |
_aBig data analytics _h[electronic resource] : _bturning big data into big money / _cFrank Ohlhorst. |
| 260 |
_aHoboken, N.J. : _bWiley, _cc2013. |
||
| 300 |
_axiv, 160 p. : _bill. |
||
| 490 | 1 | _aWiley & SAS business series | |
| 500 | _aIncludes index. | ||
| 533 |
_aElectronic reproduction. _bPalo Alto, Calif. : _cebrary, _d2011. _nAvailable via World Wide Web. _nAccess may be limited to ebrary affiliated libraries. |
||
| 650 | 0 | _aBusiness intelligence. | |
| 650 | 0 | _aData mining. | |
| 655 | 7 |
_aElectronic books. _2local |
|
| 710 | 2 | _aebrary, Inc. | |
| 830 | 0 | _aWiley and SAS business series. | |
| 856 | 4 | 0 |
_uhttp://site.ebrary.com/lib/rucke/Doc?id=10630556 _zAn electronic book accessible through the World Wide Web; click to view |
| 999 |
_c52799 _d52799 |
||